Подробности
| 000 -МАРКЕР |
| контрольное поле |
02019nam0a2200361 4500 |
| 001 - ИДЕНТИФИКАТОР ЗАПИСИ |
| контрольное поле |
RU\NLR\bibl\300485 |
| 005 - ИДЕНТИФИКАТОР ВЕРСИИ |
| контрольное поле |
20250620145115.0 |
| 010 ## - МЕЖДУНАРОДНЫЙ СТАНДАРТНЫЙ НОМЕР КНИГИ (ISBN) |
| Номер (ISBN) |
5-900745-04-1 |
| Тираж |
1000 |
| 021 ## - НОМЕР ГОСУДАРСТВЕННОЙ РЕГИСТРАЦИИ |
| Код страны |
Российская Федерация |
| Номер |
2002-20581 |
| Номер Листа государственной регистраци |
1036 |
| 035 ## - ДРУГИЕ СИСТЕМНЫЕ НОМЕРА |
| Идентификатор записи |
(NLR Aleph) 000295713 |
| 100 ## - ДАННЫЕ ОБЩЕЙ ОБРАБОТКИ |
| Данные общей обработки |
20020902d2002 |||y0rusy50 ca |
| 101 0# - ЯЗЫК РЕСУРСА |
| Язык текста, звукозаписи и т.д. |
русский |
| 102 ## - СТРАНА ПУБЛИКАЦИИ ИЛИ ПРОИЗВОДСТВА |
| Страна публикации |
Российская Федерация |
| 105 ## - ПОЛЕ КОДИРОВАННЫХ ДАННЫХ: ТЕКСТОВЫЕ МАТЕРИАЛЫ, МОНОГРАФИЧЕСКИЕ |
| Кодированные данные о монографическом текстовом документе |
y ||||||||| |
| 200 1# - ЗАГЛАВИЕ И СВЕДЕНИЯ ОБ ОТВЕТСТВЕННОСТИ |
| Основное заглавие |
Общность исторических судеб народов Кавказа и России: история и современность |
| Сведения, относящиеся к заглавию |
Материалы науч.-практ. конф., 19 июля 2001 г., Москва |
| Первые сведения об ответственности |
[Под общ. ред. д.ист.н., акад. МАДЕНИ Трапезникова Г.Е.] |
| 210 ## - ПУБЛИКАЦИЯ, РАСПРОСТРАНЕНИЕ И ДР. |
| Место издания, распространения и т.д. |
М. |
| Имя издателя, распространителя и т. д. |
МАДЕНМ |
| Дата издания, распространения и т.д. |
2002 |
| 215 ## - ФИЗИЧЕСКАЯ ХАРАКТЕРИСТИКА |
| Специфическое обозначение материала и объем |
175, [1] с. |
| Размеры |
22 |
| 300 ## - ОБЩИЕ ПРИМЕЧАНИЯ |
| Текст примечания |
В надзаг.: Междунар. акад. духов. единства народов мира, Междунар. фонд духов. единства рос. народов |
| 320 ## - ПРИМЕЧАНИЯ О НАЛИЧИИ В ДОКУМЕНТЕ БИБЛИОГРАФИИ / УКАЗАТЕЛЯ |
| Текст примечания |
Библиогр. в подстроч. прим. |
| 607 ## - ГЕОГРАФИЧЕСКОЕ НАИМЕНОВАНИЕ КАК ПРЕДМЕТ |
| Географическое наименование |
Россия |
| Формальный подзаголовок |
Съезды, совещания и т.п. |
| Тематический подзаголовок |
Взаимоотношения с Кавказом |
| Системный номер авторитетной/нормативной записи |
2238184 |
| Идентификатор авторитетной/нормативной записи |
RU\NLR\auth\661343135 |
| 607 ## - ГЕОГРАФИЧЕСКОЕ НАИМЕНОВАНИЕ КАК ПРЕДМЕТ |
| Географическое наименование |
Россия |
| Формальный подзаголовок |
Съезды, совещания и т.п. |
| Тематический подзаголовок |
Взаимоотношения |
| Географический подзаголовок |
Кавказ |
| Системный номер авторитетной/нормативной записи |
2202227 |
| Идентификатор авторитетной/нормативной записи |
RU\NLR\auth\661323299 |
| 607 ## - ГЕОГРАФИЧЕСКОЕ НАИМЕНОВАНИЕ КАК ПРЕДМЕТ |
| Географическое наименование |
Кавказ |
| Формальный подзаголовок |
Съезды, совещания и т.п. |
| Тематический подзаголовок |
Взаимоотношения с Россией |
| Системный номер авторитетной/нормативной записи |
2202232 |
| Идентификатор авторитетной/нормативной записи |
RU\NLR\auth\661323302 |
| 607 ## - ГЕОГРАФИЧЕСКОЕ НАИМЕНОВАНИЕ КАК ПРЕДМЕТ |
| Географическое наименование |
Кавказ |
| Формальный подзаголовок |
Съезды, совещания и т.п. |
| Тематический подзаголовок |
Взаимоотношения |
| Географический подзаголовок |
Россия |
| Системный номер авторитетной/нормативной записи |
2202230 |
| Идентификатор авторитетной/нормативной записи |
RU\NLR\auth\661323301 |
| 686 ## - ИНДЕКСЫ ДРУГИХ КЛАССИФИКАЦИЙ |
| Индекс |
Т3(2)0-56я431 |
| 686 ## - ИНДЕКСЫ ДРУГИХ КЛАССИФИКАЦИЙ |
| Индекс |
Т3(24)я431 |
| 702 #1 - ИМЯ ЛИЦА - ВТОРИЧНАЯ ОТВЕТСТВЕННОСТЬ |
| Начальный элемент ввода |
Трапезников |
| Часть имени, кроме начального элемента ввода |
Г. Е. |
| Расширение инициалов личного имени |
Георгий Евгеньевич |
| Код отношения |
Редактор |
| 801 #0 - ИСТОЧНИК ЗАПИСИ |
| Страна |
Российская Федерация |
| Организация |
NLR |
| Дата составления |
20020902 |
| Правила каталогизации |
PSBO |
| 801 #1 - ИСТОЧНИК ЗАПИСИ |
| Страна |
Российская Федерация |
| Организация |
NLR |
| Дата составления |
20020902 |
| 942 ## - ДОПОЛНИТЕЛЬНЫЕ ЭЛЕМЕНТЫ ЗАПИСИ (АБИС) |
| Тип экземпляра АБИС |
Книга |
| 980 ## - КОЛЛЕКЦИЯ |
| Название коллекции |
Национальная библиография |